Vista normal
Vista MARC
Entrada Topical Term
Número de registros utilizados en: 1
001 - CONTROL NUMBER
- control field: 43490
003 - CONTROL NUMBER IDENTIFIER
- control field: OSt
005 - DATE AND TIME OF LATEST TRANSACTION
- control field: 20241024073125.0
008 - FIXED-LENGTH DATA ELEMENTS
- fixed length control field: 241024|| aca||aabn | a|a d
040 ## - CATALOGING SOURCE
- Original cataloging agency: OSt
- Transcribing agency: OSt
150 ## - HEADING--TOPICAL TERM
- Topical term or geographic name entry element: Indígenas de Colombia
- General subdivision: Situación legal
- General subdivision: Historia
670 ## - SOURCE DATA FOUND
- Source citation: Work cat.: (OSt)38510: Documentos para la historia del movimiento indigena colombiano contemporáneo /